Éléments d'analyse mathématique des chroniques /

Guardado en:
Autor Principal: Barbut, Marc.
Otros Autores: Fourgeaud, Claude.
Formato: Libro
Idioma:French
Publicado: [Paris] : Hachette, c1971.
Series:Méthodes mathématiques des sciences de l'homme
Collection Hachette université
Classiques Hachette
Materias:
Etiquetas: Agregar Etiqueta
Sin Etiquetas, Sea el primero en etiquetar este registro!
LEADER 00847nam a22002535a 4500
001 MAT.inmabb002823
008 830623s1971####fr#a#####b####001#0#fre##
005 20170609164826.0
245 1 0 |a Éléments d'analyse mathématique des chroniques /  |c Marc Barbut, Claude Fourgeaud. 
260 |a [Paris] :  |b Hachette,  |c c1971. 
300 |a 207 p. :  |b il. ;  |c 23 cm. 
440 0 |a Méthodes mathématiques des sciences de l'homme 
440 0 |a Collection Hachette université 
440 0 |a Classiques Hachette 
504 |a Bibliografía: p. 205-206. 
510 4 |a MR,  |c 50 #15214 
100 1 |a Barbut, Marc. 
700 1 |a Fourgeaud, Claude. 
650 0 |a Mathematical analysis. [from old catalog] 
650 0 |a Series. [from old catalog] 
084 |a 62M10  |2 MR 
010 |a  72323578  
040 |a DLC  |c CarP  |d DLC 
859 |h 62  |i B241  |p A-5303  |b BIB. MATEMATICA